Handbook of contemporary preaching / (Record no. 801)

MARC details
000 -LEADER
fixed length control field 01010pam a2200277 a 4500
001 - CONTROL NUMBER
control field 2030801
003 - CONTROL NUMBER IDENTIFIER
control field GBCCL
005 - DATE AND TIME OF LATEST TRANSACTION
control field 20241126110346.0
008 - FIXED-LENGTH DATA ELEMENTS--GENERAL INFORMATION
fixed length control field 920302s1992 tnua b 000 0 eng
010 ## -
-- 92009539
020 ## - INTERNATIONAL STANDARD BOOK NUMBER
International Standard Book Number 0805415505 :
Terms of availability $24.95
040 ## - CATALOGING SOURCE
Original cataloging agency DLC
Transcribing agency DLC
Modifying agency DLC
050 00 -
-- BV4222
-- .H35 1992
082 00 - DEWEY DECIMAL CLASSIFICATION NUMBER
Classification number 251.00202
Edition information 20
Item number HAN
245 00 - TITLE STATEMENT
Title Handbook of contemporary preaching /
Statement of responsibility, etc. Michael Duduit, editor.
260 ## - PUBLICATION, DISTRIBUTION, ETC.
Place of publication, distribution, etc. Nashville, Tenn. :
Name of publisher, distributor, etc. Broadman Press,
Date of publication, distribution, etc. c1992.
300 ## - PHYSICAL DESCRIPTION
Extent 607 p. :
Other physical details ill. ;
Dimensions 24 cm.
504 ## - BIBLIOGRAPHY, ETC. NOTE
Bibliography, etc. note Includes bibliographical references (p. 591-607).
650 #0 - SUBJECT ADDED ENTRY--TOPICAL TERM
Topical term or geographic name entry element Preaching.
9 (RLIN) 404
700 1# - ADDED ENTRY--PERSONAL NAME
Personal name Duduit, Michael,
Dates associated with a name 1954-
9 (RLIN) 1167
740 0# -
-- Contemporary preaching.
856 42 - ELECTRONIC LOCATION AND ACCESS
Materials specified Publisher description
Uniform Resource Identifier <a href="http://www.loc.gov/catdir/enhancements/fy0902/92009539-d.html">http://www.loc.gov/catdir/enhancements/fy0902/92009539-d.html</a>
906 ## - LOCAL DATA ELEMENT F, LDF (RLIN)
a 7
b cbc
c orignew
d 1
e ocip
f 19
g y-gencatlg
942 ## - ADDED ENTRY ELEMENTS (KOHA)
Source of classification or shelving scheme Dewey Decimal Classification
Koha item type Books
Holdings
Withdrawn status Lost status Source of classification or shelving scheme Damaged status Not for loan Home library Current Library Shelving location Date acquired Total checkouts Full call number Barcode Date last seen Date last checked out Copy number Price effective from Koha item type
    Dewey Decimal Classification     GRACE BIBLE COLLEGE GRACE BIBLE COLLEGE Ministry & Mission 2017-03-16 3 251.00202 HAN 009984 2025-07-15 2025-07-14 c.1 2017-03-16 Books
© Grace Bible College Library 2025